Culture générale - Quiz #43 - Statistiques

Statistiques générales
  • Ce quiz a été pris 54 189 fois
  • Le résultat moyen est 9 sur 20
Statistiques - réponses
Question Réponse % Correct
Quelle ville a accueilli les Jeux Olympiques d'été 2024 ? Paris
99%
Quelle est la capitale de l'Australie ? Canberra
91%
Par définition, que chasse un prédateur ? Une proie
87%
Quel nom de pays s'écrit Ελλάδα dans sa langue natale ? Grèce
67%
Comment appelle-t-on un angle de plus de 90 degrés ? Obtus
65%
Quel signe du zodiaque est représenté par un centaure armé d'un arc ? Sagittaire
65%
Quel était le véritable nom de Molière ? Jean-Baptiste Poquelin
56%
Comment appelle-t-on les missiles se déplaçant sous l'eau ? Torpilles
53%
En affichage électronique, à quoi correspond le V de RVB ? Vert
53%
Quel est le seul tournoi du Grand Chelem à se dérouler dans l'hémisphère sud ? Open d'Australie
49%
Quel festival de musique métal a lieu chaque année à Clisson, en Loire-Atlantique ? Hellfest
46%
De quel instrument de musique joue Ibrahim Maalouf ? Trompette
44%
Que mesure un compteur Geiger ? Rayonnement ionisant
38%
À quel pays appartenait la région chinoise de Macao entre 1557 et 1999 ? Portugal
34%
Quel terme est dérivé du latin "après avoir donné naissance" ? Post-partum
32%
Quelle partie du corps est composée du duodénum, du jéjunum et de l'iléon ? {Intestin} {grêle}
20%
De quelle fable de la Fontaine est extraite la ligne : "Si ce n'est toi, c'est donc ton frère." ? Le Loup et l'Agneau
18%
Quelle ville située en actuelle Pologne était une cité-état indépendante entre les deux guerres mondiales ? Gdańsk
13%
Quelle molécule est responsable du goût piquant des piments ? C{apsaïcine}
11%
Qui est né en Turquie en 270 après J.-C. et qui (selon certains) vit encore aujourd'hui sur la banquise internationale ? Saint-Nicolas / Nicolas de Myre
4%
Aucun quiz correspondant
Distribution des résultats
% des personnes avec chaque résultat
Percentile par nombre de réponses
Votre historique - résultats
Vous n’avez pas pris ce quiz